The majesty of the judiciary / (Record no. 18855)

MARC details
000 -LEADER
fixed length control field 01053nam a22002417a 4500
008 - FIXED-LENGTH DATA ELEMENTS--GENERAL INFORMATION
fixed length control field 081120t xxu||||| |||| 00| 0 eng d
010 ## - LCCN (DPL NO)
LC control number ENG-91698
020 ## - INTERNATIONAL STANDARD BOOK NUMBER
International Standard Book Number 9788175346307
Terms of availability 250.00
035 ## - SYSTEM CONTROL NUMBER
System control number EN-75231
037 ## - SOURCE OF ACQUISITION
Source of stock number/acquisition DBAD / PUB
040 ## - CATALOGING SOURCE
Original cataloging agency dpl
Language of cataloging English
082 ## - DEWEY DECIMAL CLASSIFICATION NUMBER
Classification number 347.54014
100 ## - MAIN ENTRY--PERSONAL NAME
Personal name Krishna Iyer, V.R., 1915-
245 ## - TITLE STATEMENT
Title The majesty of the judiciary /
Statement of responsibility, etc by V.R. Krishna Iyer
260 ## - PUBLICATION, DISTRIBUTION, ETC. (IMPRINT)
Place of publication, distribution, etc Delhi
Name of publisher, distributor, etc Universal Law Publishing
Date of publication, distribution, etc 2007
270 ## - ADDRESS
Address C-FF-1A, Dilkhush Industrial Estate, (Opp, Hans Cinema, Azadpur) GT. Karnal Road,,
City Delhi
Postal code 110033
300 ## - PHYSICAL DESCRIPTION
Extent 178p.
Dimensions 25cm (Hb)
520 ## - SUMMARY, ETC.
Summary, etc Articles on judges, judicial reforms, constitutional law, death sentence, arbitration, and jurisprudence.
650 ## - SUBJECT ADDED ENTRY--TOPICAL TERM
Topical term or geographic name as entry element Justice, Administration of
Geographic subdivision India
650 ## - SUBJECT ADDED ENTRY--TOPICAL TERM
Topical term or geographic name as entry element Judges
Geographic subdivision India
Form subdivision Biography.
942 ## - ADDED ENTRY ELEMENTS (KOHA)
Source of classification or shelving scheme Dewey Decimal Classification
Item type English Books
Call number suffix IYE
Classification part 347.54014
Holdings
Withdrawn status Lost status Source of classification or shelving scheme Damaged status Not for loan Collection code Home library Current library Date acquired Source of acquisition Cost, normal purchase price Total Checkouts Full call number Barcode Date last seen Copy number Cost, replacement price Koha item type
    Dewey Decimal Classification   Not For Loan Non-fiction D.B.Act.Division D.B.Act.Division 20/11/2008 DBAD / PUB 250.00   347.54014 IYE EN-75231 20/11/2008 1 250.00 English Books

© Delhi Public Library
Hit Counter
free hit counter